Another country /

Saved in:
Bibliographic Details
Main Author: Baldwin, James, 1924-
Format: Book
Language:English
Published: London : Transworld Publishers, 1965.
Series:Corgi Books
LEADER 00785nam a2200229 a 4500
001 c000375191
003 CARM
005 19990305000000.0
008 890817s1965 enk 000 0 eng d
019 1 |a 6581033  |5 LACONCORD2021 
020 |a 0552084573 
035 |a (OCoLC)220716352  |5 LACONCORD2021 
040 |a ANL  |b eng  |c ANL  |d NU 
082 0 4 |a 813.54 
100 1 |a Baldwin, James,  |d 1924- 
245 1 0 |a Another country /  |c by James Baldwin. 
260 |a London :  |b Transworld Publishers,  |c 1965. 
300 |a 338 p. ;  |c 18 cm. 
490 0 |a Corgi Books 
852 8 |b CARM  |h A1:AM25A0  |i A05016  |p 0431266  |f BK 
999 f f |i 506eedd8-b6c9-5240-b644-b0713e009f0e  |s e799884f-d8f7-5e64-b60b-8d381cceea73 
952 f f |p Can circulate  |a CAVAL  |b CAVAL  |c CAVAL  |d CARM 1 Store  |e A05016  |f A1:AM25A0  |h Other scheme  |i book  |m 0431266